000 01046nam0a22002531 4500
001 rc\2664924
005 20110618125731.8
035 _a(NLR Aleph) 007211401
090 _a7669984
_c7669984
100 _a20110618d1930 |||y0rusy50 ca
101 0 _arus
102 _aRU
105 _ac z |||||
200 1 _aЛев Николаевич Гартман
_e[Очерк жизни и деятельности]
_fН.А. Сидоров
210 _aМосква
_cИзд-во политкаторжан
_d1930
_g"Мосполиграф", 16-я тип.
215 _a41 с.
_cпортр.
_d17х12 см
225 1 _aК пятидесятилетию партии "Народная воля"
_fВсесоюзн. о-во полит. каторжан и ссыльно-поселенцев
600 1 _aГартман
_bЛ.Н.
_gЛев Николаевич
700 1 _aСидоров
_bН. А.
_gНиколай Александрович
801 0 _aRU
_bNLR
_gpsbo
801 1 _aRU
_bELAR
_2rusmarc
852 _aNLR
_j30.8/1138
942 _cBOOK
980 _aNB